| 000 | 00664nam a22002057a 4500 | ||
|---|---|---|---|
| 999 |
_c8020 _d8020 |
||
| 003 | AR-CdUCM | ||
| 008 | 190322b ||||| |||| 00| 0 spa d | ||
| 040 |
_aMUNICIPALIDAD PROVINCIAL DEL CUSCO _cBIBLIOTECA MUNICIPAL DEL CUSCO |
||
| 082 |
_a891.7 / _bK25 |
||
| 100 |
_aKataiev, V. _922667 |
||
| 245 |
_aCaserio en la estepa : _bnovela / |
||
| 260 |
_aMoscú : _bEdiciones en lenguas extranjeras, |
||
| 300 |
_a426 páginas ; _bilustraciones ; _c20.5 cm. |
||
| 440 |
_aLiteratura Sovietica para niños y jovenes. _922668 |
||
| 650 |
_aNovela _95 |
||
| 650 |
_aLiteratura rusa _99988 |
||
| 700 |
_aVento, J. (traductor) _91552 |
||
| 942 |
_2ddc _cLIBROS |
||
| 945 | _azta | ||